000 nam a22 7a 4500
999 _c7548
_d7548
008 170920b xxu||||| |||| 00| 0 eng d
020 _a9780276427930
100 _94069
_aReaders
245 _aNature's Medicines
260 _aLondon
_bReader's Digest
_c2015